Spanische Torschützen bei der Fußball-Europameisterschaft 2024 - Statistiken

Allgemein
  • Dieses Quiz wurde 37 mal gespielt
    29 seit der letzten Aktualisierung
  • Das Durchschnittsergebnis liegt bei 10 aus 14
Antwortstatistiken
Spiel Minute Torschütze % Korrekt
Spanien - Georgien 4-1 75' Nico Williams
91%
Spanien - England 2-1 47' Nico Williams
91%
Spanien - Georgien 4-1 83' Dani Olmo
86%
Spanien - Deutschland 2-1 n. V. 51' Dani Olmo
86%
Spanien - Frankreich 2-1 25' Dani Olmo
86%
Spanien - Frankreich 2-1 21' Lamine Yamal
86%
Spanien - Kroatien 3-0 29' Álvaro Morata
77%
Spanien - Deutschland 2-1 n. V. 119' Mikel Merino
77%
Spanien - Georgien 4-1 39' Rodri
68%
Spanien - Kroatien 3-0 45+2' Daniel Carvajal
64%
Spanien - England 2-1 86' Mikel Oyarzabal
64%
Spanien - Kroatien 3-0 32' Fabián Ruiz
59%
Spanien - Georgien 4-1 51' Fabián Ruiz
59%
Albanien - Spanien 0-1 13' Ferrán Torres
50%
Keine übereinstimmenden Quizze gefunden
Verteilung der Resultate
Anzahl Personen mit jedem Resultat
Perzentil nach korrekt beantworteten Fragen
Ihre Resultats-Entwicklung
Sie haben dieses Quiz seit der letzten Aktualisierung nicht gespielt